Williams Formula one drivers sudden death - Statistics

General Stats
  • This quiz has been taken 118 times
    8 since last reset
  • The average score is 14 of 17
Answers on the Grid
Answers color-coded by a green-red scale on the quiz's grid according to % correct below.
Rubens Barrichello
Eddie Irvine
Mark Webber
Nico Rosberg
Kamui Kobayashi
Michael Schumacher
Ralf Schumacher
Juan-Pablo Montoya
Kevin Magnussen
Christeano da Matta
Ricardo Patrese
Daniel Ricciardo
Felipe Massa
Pastor Maldonado
Valtteri Bottas
Elio de Angelis
Johnny Herbert
Keke Rosberg
Kazuki Nakajima
Lance Stroll
Nick Heidfeld
Ricardo Zonta
Daniil Kvyat
Alan Jones
Vitaly Petrov
Romain Grosjean
Andrea de Cesaris
Robert Kubica
Adrian Sutil
Nikita Mazepin
Sergey Sirotkin
Nigel Mansell
 
Answer Stats
Answer % Correct
Nico Rosberg
100%
Nigel Mansell
100%
Ralf Schumacher
100%
Robert Kubica
100%
Rubens Barrichello
100%
Sergey Sirotkin
100%
Felipe Massa
80%
Juan-Pablo Montoya
80%
Kazuki Nakajima
80%
Lance Stroll
80%
Mark Webber
80%
Nick Heidfeld
80%
Pastor Maldonado
80%
Valtteri Bottas
80%
Alan Jones
60%
Keke Rosberg
60%
Ricardo Patrese
60%
No matching quizzes found
Score Distribution
Percent of People with Each Score
Percentile by Number Answered
Your Score History
You have not taken this quiz since the last reset